000 00581nam a2200193Ia 4500
005 20250508165938.0
008 008 250505s9999 xx 000 0 eng d
037 _aDissertations
040 _aFEDL
_beng
_cFEDL
041 _aeng
_2eng
084 _a507, NAF/DI
_qFEDL
100 _aNafisa
245 0 _aCritical analysis of question in science classroom with referece to objectives of teaching science
260 _c2018
300 _aiv, 50p.
546 _aM.Ed. Dissertation, (Delhi University)
942 _cDIS
_h507, NAF/DI
999 _c1398343
_d1398343